NLSUI OPAC header image

Understanding law (Record no. 24061)

MARC details
000 -LEADER
fixed length control field 01166nam a2200241Ia 4500
003 - CONTROL NUMBER IDENTIFIER
control field OSt
005 - DATE AND TIME OF LATEST TRANSACTION
control field 20220927112508.0
008 - FIXED-LENGTH DATA ELEMENTS--GENERAL INFORMATION
fixed length control field 160316s2006 xxu||||| |||| 00| 0 eng d
020 ## - INTERNATIONAL STANDARD BOOK NUMBER
International Standard Book Number 9780421960602
020 ## - INTERNATIONAL STANDARD BOOK NUMBER
International Standard Book Number 0421960604
040 ## - CATALOGING SOURCE
Transcribing agency nls
082 ## - DEWEY DECIMAL CLASSIFICATION NUMBER
Classification number 340.420000
Item number ADA
100 ## - MAIN ENTRY--PERSONAL NAME
Personal name Adams John N
245 ## - TITLE STATEMENT
Title Understanding law
250 ## - EDITION STATEMENT
Edition statement 4th
260 ## - PUBLICATION, DISTRIBUTION, ETC.
Place of publication, distribution, etc. London
Name of publisher, distributor, etc. Sweet & Maxwell
Date of publication, distribution, etc. 2006
300 ## - PHYSICAL DESCRIPTION
Extent 335p
Dimensions ix
365 ## - TRADE PRICE
Price amount Rs.1,367
505 ## - FORMATTED CONTENTS NOTE
Formatted contents note CONTENTS:<br/>Note to readers v;<br/>Acknowledgements vii;<br/>Preface ix;<br/>1. What is law? 1;<br/>2. The idea of understanding 27;<br/>3. Legal institutions and the rule of law 50;<br/>4. Judge-made law - statutory interpretation 86;<br/>5. Judge-made law - case law development 119;<br/>6. Legal process - the criminal justice system 153;<br/>7. Legal process - the civil justice system 192;<br/>8. Legal process - the system of administrative justice 218;<br/>9. The legal profession and legal services 252;<br/>10. Conclusion - climbing the mountain 276;<br/>Bibliography 305;<br/>List of cases 318;<br/>Index 235.<br/>
650 ## - SUBJECT ADDED ENTRY--TOPICAL TERM
Topical term or geographic name entry element 1. Legal System - U K2. Legal Institutions - Idea Of Law
700 ## - ADDED ENTRY--PERSONAL NAME
Personal name Brownsword Roger
--
942 ## - ADDED ENTRY ELEMENTS (KOHA)
Source of classification or shelving scheme Dewey Decimal Classification
Koha item type BOOKs
Holdings
Withdrawn status Lost status Source of classification or shelving scheme Damaged status Not for loan Home library Current library Shelving location Date acquired Cost, normal purchase price Total Checkouts Full call number Barcode Date last seen Price effective from Koha item type
    Dewey Decimal Classification     NLS NLS General Stacks 30/05/2017 1367.00   340.42 ADA 21883 30/05/2017 30/05/2017 BOOKs